5HLuxD.jpg

KING HENRY VIII SENIOR AND PRIMARY SCHOOL LIBRARY OPAC

Ash / (Record no. 608)

000 -LEADER
fixed length control field 01142nam a22003251i 4500
001 - CONTROL NUMBER
control field 016183971
003 - CONTROL NUMBER IDENTIFIER
control field Uk
005 - DATE AND TIME OF LATEST TRANSACTION
control field 20190904102444.0
008 - FIXED-LENGTH DATA ELEMENTS--GENERAL INFORMATION
fixed length control field 101021s2012 enk 000|f|eng|d
015 ## - NATIONAL BIBLIOGRAPHY NUMBER
National bibliography number GBB5D1214
Source bnb
016 7# - NATIONAL BIBLIOGRAPHIC AGENCY CONTROL NUMBER
Record control number 016183971
Source Uk
020 ## - INTERNATIONAL STANDARD BOOK NUMBER
International Standard Book Number 9780230711266 (paperback) :
040 ## - CATALOGING SOURCE
Original cataloging agency StDuBDS
Language of cataloging eng
Transcribing agency StDuBDS
Description conventions rda
042 ## - AUTHENTICATION CODE
Authentication code ukblsr
082 ## - DEWEY DECIMAL CLASSIFICATION NUMBER
Classification number FIC HER
100 1# - MAIN ENTRY--PERSONAL NAME
Personal name Herbert, James,
Dates associated with a name 1943-2013,
Relator term author.
245 10 - TITLE STATEMENT
Title Ash /
Statement of responsibility, etc. James Herbert.
264 #1 - PRODUCTION, PUBLICATION, DISTRIBUTION, MANUFACTURE, AND COPYRIGHT NOTICE
Place of production, publication, distribution, manufacture London :
Name of producer, publisher, distributor, manufacturer Macmillan,
Date of production, publication, distribution, manufacture, or copyright notice 2012.
300 ## - PHYSICAL DESCRIPTION
Extent 692 pages. ;
Dimensions 24 cm.
336 ## - CONTENT TYPE
Content type term text
Source rdacontent
337 ## - MEDIA TYPE
Media type term unmediated
Source rdamedia
338 ## - CARRIER TYPE
Carrier type term volume
Source rdacarrier
520 ## - SUMMARY, ETC.
Summary, etc. Parapsychologist David Ash is sent to a remote Scottish castle to investigate a series of bizarre and supernatural incidents. As one of the castle's residents is found crucified, Ash realizes that he is up against an overwhelming and incomprehensible evil.
650 #0 - SUBJECT ADDED ENTRY--TOPICAL TERM
Topical term or geographic name entry element Ash, David (Fictitious character)
Form subdivision Fiction.
650 #0 - SUBJECT ADDED ENTRY--TOPICAL TERM
Topical term or geographic name entry element supernatural events
650 #0 - SUBJECT ADDED ENTRY--TOPICAL TERM
Topical term or geographic name entry element ghosts
655 #0 - INDEX TERM--GENRE/FORM
Genre/form data or focus term Horror tales.
942 ## - ADDED ENTRY ELEMENTS (KOHA)
Source of classification or shelving scheme
Koha item type Books - Fiction
Holdings
Withdrawn status Lost status Source of classification or shelving scheme Damaged status Not for loan Collection code Permanent Location Current Location Shelving location Date acquired Full call number Barcode Date last seen Price effective from Koha item type
          Fiction KH8 Senior School Library KH8 Senior School Library Young Adult 2019-09-04 FIC HER 3KHSL000101310 2024-07-23 2019-09-04 Books - Fiction

Powered By KH8 IT Dept